| 000 | 01481nam0a2200313 4500 | ||
|---|---|---|---|
| 001 | RU\NLR\bibl\33957 | ||
| 005 | 20260406123149.0 | ||
| 010 |
_a5-93064-011-4 _9300 |
||
| 021 |
_aRU _b99-10389 _9503 |
||
| 035 | _a(NLR Aleph) 000033104 | ||
| 090 |
_a167446 _c167446 |
||
| 100 | _a19990618d1999 |||y0rusy50 ca | ||
| 101 | 0 | _arus | |
| 102 | _aRU | ||
| 105 | _aa ||||||||| | ||
| 200 | 1 |
_aПодготовка и проведение командно-штабных учений Всероссийской службы медицины катастроф _eМетод. рекомендации _fМ-во здравоохранения Рос. Федерации, Всерос. центр медицины катастроф "Защита" _g[В.И. Крюков и др.] |
|
| 210 |
_aМ. _cВЦМК "Защита" _d1999 |
||
| 215 |
_a70 с. _cцв. ил. _d20 |
||
| 320 | _aБиблиогр.: с. 67 | ||
| 601 | 0 | 2 |
_a"Защита", всероссийский центр медицины катастроф _jМетодические пособия _xКомандно-штабные учения _92096164 _3RU\NLR\auth\661268253 |
| 686 | _aЦ69,6(2Р)6-332.36я8 | ||
| 702 | 1 |
_aКрюков _bВ. И. _4220 |
|
| 712 | 0 | 2 |
_4570 _aМеждународный кинофестиваль _cКанны _3RU\NLR\AUTH\8815884 _9304888 |
| 801 | 0 |
_aRU _bNLR _c19990618 _gPSBO |
|
| 801 | 1 |
_aRU _bNLR _c19990618 |
|
| 852 |
_aNLR _j99-4/3147 |
||
| 942 | _cBOOK | ||
| 980 | _aNB | ||